02023nam a22002057a 450000500170000000800410001702000180005804000070007604100080008308200200009110000200011124500980013125000120022926000530024130000290029436500640032352013500038765000370173770000430177420220329152552.0220328b ||||| |||| 00| 0 eng d a9781138489509 cAL aeng 223a658.3bTARI aIbraiz Tarique  aInternational Human Resource ManagementbPolicies and practices for multinational enterprises a6th ed. aLandonbRoutledge Taylor and Francis groupc2022 axx,502p.bPBc24.5x17cm. 2Generala6471b₹5616.11c₹d₹7200.14e22%f12/03/2022 aThe updated sixth edition of International Human Resource Management is an authoritative resource that focuses on international human resource management (IHRM) within multinational enterprises (MNEs). The book includes fifteen chapters with rich pedagogy students have come to expect and is organized into four sections.Strategic Context.National and Cultural Context. Global Talent Management.Role and the Future of IHRM.Each chapter has been designed to lead readers through key topics in a highly engaging and approachable way with learning goals, relevant data, exhibits, figures, vignettes, end-of-chapter case studies, discussion questions, up-to-date content, and numerous references. The sixth edition includes discussions on evolving IHRM topics such as international experiences and adult third culture kids, expanded analyses on health and safety statistics and global workforce analytics, as well as updated and revised illustrations, cases, references, and instructor resources.Uncovering precisely why IHRM is essential for success in international business and how IHRM policies and practices function within the multinational enterprise, this comprehensive textbook provides an excellent foundation for understanding the theory and practice of IHRM. It is essential reading for all students, instructors, and IHRM professionals. 2Executive ManagementaManagement aBriscoe, Dennis R; Schuler, Randall S